Loading...
| Literature - American | 0 | 3 | 0 | 0 | 30 | 91 | 124.67 | 0 | 1 | 1.61 | 5.11 |
| Science - Other | 0 | 3 | 0 | 0 | 30 | 56 | 69.67 | 2 | 3 | 5.93 | 12.50 |
| History - World | 0 | 2 | 0 | 0 | 20 | 66 | 71.50 | 1 | 1 | 3.85 | 6.28 |
| Science - Physics | 0 | 2 | 0 | 0 | 20 | 38 | 70.00 | 1 | 2 | 3.90 | 8.08 |
| Religion | 0 | 2 | 0 | 1 | 20 | 81 | 108.50 | 0 | 1 | 1.95 | 5.11 |
| Literature - British | 0 | 2 | 1 | 0 | 15 | 83 | 105.50 | 0 | 0 | 2.01 | 2.84 |
| Social Science | 0 | 1 | 0 | 0 | 10 | 94 | 94.00 | 0 | 0 | 0.95 | 1.14 |
| Fine Arts - Other | 0 | 1 | 0 | 0 | 10 | 142 | 142.00 | 1 | 1 | -0.06 | 4.55 |
| History - European | 0 | 1 | 0 | 0 | 10 | 124 | 124.00 | 0 | 0 | 0.28 | 2.60 |
| History - Other | 0 | 1 | 0 | 1 | 10 | 133 | 133.00 | 0 | 0 | -0.10 | 1.14 |
| Literature - World/Other | 0 | 1 | 0 | 0 | 10 | 95 | 95.00 | 0 | 0 | 4.01 | 6.06 |
| Pop Culture | 0 | 1 | 0 | 0 | 10 | 83 | 83.00 | 0 | 1 | 9.28 | 14.29 |
| Fine Arts - Classical Music | 0 | 1 | 0 | 0 | 10 | 77 | 77.00 | 0 | 0 | 1.63 | 3.03 |
| History - American | 0 | 0 | 1 | 0 | -5 | 0.00 | 0 | 0 | 0.00 | 0.00 | |
| Fine Arts - Visual | 0 | 0 | 1 | 0 | -5 | 0.00 | 0 | 0 | 0.00 | 0.00 | |
| Science - Chemistry | 0 | 0 | 1 | 0 | -5 | 0.00 | 0 | 0 | 0.00 | 0.00 |